Fr. Conceicao Rodrigues College of Engineering

Programming with JAVA: A Primer (Record no. 22198)

MARC details
000 -LEADER
fixed length control field 00332nam a2200169Ia 4500
082 ## - DEWEY DECIMAL CLASSIFICATION NUMBER
Item number BAL
100 ## - MAIN ENTRY--PERSONAL NAME
Personal name Balagurusamy/E
245 ## - TITLE STATEMENT
Title Programming with JAVA: A Primer
260 ## - PUBLICATION, DISTRIBUTION, ETC.
Name of publisher, distributor, etc. Mc Graw Hill
Date of publication, distribution, etc. 2015
366 ## - TRADE AVAILABILITY INFORMATION
Publishers's discount category 20
300 ## - PHYSICAL DESCRIPTION
Extent 460
546 ## - LANGUAGE NOTE
Language note ENGLISH
650 ## - SUBJECT ADDED ENTRY--TOPICAL TERM
Topical term or geographic name entry element Java
654 ## - SUBJECT ADDED ENTRY--FACETED TOPICAL TERMS
Focus term java
942 ## - ADDED ENTRY ELEMENTS (KOHA)
Koha item type BOOK
Holdings
Withdrawn status Lost status Damaged status Not for loan Collection Home library Current library Date acquired Source of acquisition Cost, normal purchase price Inventory number Total Checkouts Total Renewals Full call number Barcode Date due Date last seen Date last checked out Cost, replacement price Price effective from Koha item type
        CRC Fr. Agnel's C.Rodrigues College of Engineering AGNEL TECHNICAL COLLEGE LIBRARY 17/03/2023 Shroff Publishers 388.00 1863/1718 dt 22.08.2017 2 1 BAL 24877 08/09/2024 29/08/2024 29/08/2024 485.00   BOOK
        CRC Fr. Agnel's C.Rodrigues College of Engineering AGNEL TECHNICAL COLLEGE LIBRARY 17/03/2023 Shroff Publishers 388.00 1863/1718 dt 22.08.2017 3   BAL 24879   13/11/2025 12/11/2025 485.00   BOOK
        CRC Fr. Agnel's C.Rodrigues College of Engineering Fr. Agnel's C.Rodrigues College of Engineering 17/03/2023 Shroff Publishers 388.00 1863/1718 dt 22.08.2017 1   BAL 24880   15/10/2024 12/06/2023 485.00   BOOK
        CRC Fr. Agnel's C.Rodrigues College of Engineering Fr. Agnel's C.Rodrigues College of Engineering 17/03/2023 Shroff Publishers 388.00 1863/1718 dt 22.08.2017 5 2 BAL 24881   14/10/2025 04/08/2025 485.00   BOOK
        CRC Fr. Agnel's C.Rodrigues College of Engineering Fr. Agnel's C.Rodrigues- College of Engineering 17/03/2023 Shroff Publishers 388.00 1863/1718 dt 22.08.2017 1   BAL 24878 06/10/2023 12/06/2023 12/06/2023 485.00   BOOK